Electric power systems / (Record no. 545429)

000 -LEADER
fixed length control field 00806cam a2200229 a 4500
020 ## - INTERNATIONAL STANDARD BOOK NUMBER
International Standard Book Number 0471976776 (alk. paper)
082 00 - DEWEY DECIMAL CLASSIFICATION NUMBER
Classification number 621.3191
Author Mark WEE
-- L-NUST, P-27
100 1# - MAIN ENTRY--PERSONAL NAME
Personal name Weedy, B. M.
9 (RLIN) 41268
245 10 - TITLE STATEMENT
Title Electric power systems /
Statement of responsibility, etc. B.M. Weedy, B.J. Cory.
250 ## - EDITION STATEMENT
Edition statement 4th ed.
260 ## - PUBLICATION, DISTRIBUTION, ETC.
Place of publication, distribution, etc. Chichester ;
-- New York :
Name of publisher, distributor, etc. John Wiley Sons,
Date of publication, distribution, etc. c1998.
300 ## - PHYSICAL DESCRIPTION
Extent xviii, 545 p. :
Other physical details ill. ;
Dimensions 24 cm.
526 ## - STUDY PROGRAM INFORMATION NOTE
Program name 0
Interest level 0
Reading level 0
Title point value 621_319100000000000_WEE
526 ## - STUDY PROGRAM INFORMATION NOTE
Program name 0
Interest level 0
Reading level 0
Title point value 621_319100000000000_WEE
650 #0 - SUBJECT ADDED ENTRY--TOPICAL TERM
Topical term or geographic name entry element Electric power systems.
9 (RLIN) 18375
650 #0 - SUBJECT ADDED ENTRY--TOPICAL TERM
Topical term or geographic name entry element Electric power transmission.
9 (RLIN) 41269
650 #0 - SUBJECT ADDED ENTRY--TOPICAL TERM
Topical term or geographic name entry element MCE
9 (RLIN) 379
700 12 - ADDED ENTRY--PERSONAL NAME
Personal name Cory, B. J.
9 (RLIN) 41270
856 4# - ELECTRONIC LOCATION AND ACCESS
Uniform Resource Identifier <a href="http://www.loc.gov/catdir/toc/onix04/97044411.html">http://www.loc.gov/catdir/toc/onix04/97044411.html</a>
856 42 - ELECTRONIC LOCATION AND ACCESS
Uniform Resource Identifier <a href="http://www.loc.gov/catdir/description/wiley033/97044411.html">http://www.loc.gov/catdir/description/wiley033/97044411.html</a>
942 ## - ADDED ENTRY ELEMENTS (KOHA)
Source of classification or shelving scheme
Koha item type Book
Holdings
Withdrawn status Lost status Source of classification or shelving scheme Damaged status Not for loan Permanent Location Current Location Date acquired Total Checkouts Full call number Barcode Date last seen Price effective from Koha item type
          Military College of Engineering (MCE) Military College of Engineering (MCE) 05/22/2014   621.3191 WEE MCE-44165 05/22/2014 05/22/2014 Book
          Military College of Engineering (MCE) Military College of Engineering (MCE) 05/22/2014   621.3191 WEE MCE-44490 05/22/2014 05/22/2014 Book
© 2023 Central Library, National University of Sciences and Technology. All Rights Reserved.